00343nam a2200133 a 450000500170000000800410001702000180005805000230007610000150009924500410011426000350015530000090019065000100019920140412111428.0090224s19uu xx 00 eng d a0-14-055281-2 aTR(PS EbSp68 1985 aHill, Eric aSpot goes to the beach /cEric Hill. aU.S.A :bPenguin books,c1985. aunp. aBeach